00492nam a2200157 i 450000100060000000300090000600500170001500700030003200800410003510000140007624500970009026000720018730000330025970000210029285200210031361667ES-MaACL20230906164521.0t|031113s1909 fr ||||1| fre d1 aFabry, E.10aTraité de mathematiques générales / cE. Fabry ; avec une préface de Gaston Darboux. aParis : bA. Hermann et Fils, c1909 (eSaint Amand : fBussière) aX, 440 p. : bil. ; c25 cm.1 aDarboux, Gaston. aES-MaACLjF-3082